Statistics for Countries With The Most Attractive Women

Click here to take the quiz!

General Stats

  • This quiz has been taken 40 times
  • The average score is 21 of 30

Answer Stats

Country% Correct
Sweden
97%
Brazil
94%
Colombia
94%
Russia
94%
Spain
94%
Argentina
89%
France
89%
Italy
89%
Mexico
86%
Germany
83%
Greece
80%
Turkey
80%
Chile
77%
Venezuela
77%
Ukraine
74%
Netherlands
71%
Thailand
71%
India
69%
Cuba
63%
South Korea
63%
Egypt
57%
Philippines
57%
Indonesia
51%
South Africa
51%
Serbia
49%
Croatia
46%
Romania
46%
Bulgaria
43%
Costa Rica
34%
Lebanon
23%

Score Distribution

Percentile by Number Answered

Percent of People with Each Score

Your Score History

You have not taken this quiz